1676 1049 1871 1085 1466 1043 1598 1199 1082 1517 1595 1039 1022 1126 1883 1930 1227 1223 1980 1837 1205 1089 1761 1842 1614 1681 1492 1173 1525 1747 1989 1968 1657 1314 1499 1081 1030 1508 1460 1635 1709 1282 1036 1715 1756 1970 1138 1960 1127 1431 1424 1331 1683 1245 1188 1217 1196 1098 1955 1795 1275 1454 1702 1209 1687 1456 1152 1565 1626 1978 1691 1713 1694 1120 1624 1359 1680 1313 1226 1211 1162 1024 1454 1148 1400 1896 1321 1979 1418 1664 1014 1941 1836 1075 1776 1977 1954 1252 1591 BCNSPRNW ULIB Ver.6.0+V

เปลี่ยนเป็นภาษาไทย

Change to English
 แสดงรายละเอียดบรรณานุกรม
  กลับหน้าหลัก

Brief Record : Get Marc (ISO 2709) : E-mail record : QR code < ปิดหน้าต่าง
LEADER : 00000nam 2200000uu 4500
001    13399120369
003     ULIB
008    120918s2552||||th 000 0 tha d
020    ^a9789740323631
060  4 ^aWY156.7^bส258ก 2552
100 0  ^aสมบูรณ์ บุญยเกียรติ
245 00 ^aการพยาบาลและเวชปฏิบัติ
250    ^aพิมพ์ครั้งที่ 2
260    ^aกรุงเทพฯ:^bศูนย์หนังสือจุฬาลงกรณ์มหาวิทยาลัย,^c2552
300    ^a211 หน้า
650  7 ^aการประเมิณภาวะสุขภาพ
650  7 ^aการพยาบาล^xผู้ป่วยมะเร็งปากมดลูก
650  7 ^aการพยาบาล^xผู้ป่วยเนื้องอกกล้ามเนื้อมดลูก
650  7 ^aการพยาบาล^xมะเร็งปากมดลูก
650  7 ^aการพยาบาล^xเยื่อบุโพรงมดลูกงอกผิดที่
650  7 ^aการพยาบาล^xเนื้องอกรังไข่และมะเร็งรังไข่
650  7 ^aการพยาบาล^xภาวะฉุกเฉินทางนรีเวช
945    ^p279^l0^i16834
945    ^p279^l0^i16835
945    ^p279^l0^i16469
995    ^aวิภา
999 ^a ใช้งานได้ทุกระบบ
รายการนี้ยังไม่มีแท็ก
คุณยังไม่ได้ล็อกอิน คุณสามารถมีกิจกรรมร่วมกับเว็บไซต์ได้ แต่ต้องล็อกอินก่อน ::
  ล็อกอิน

รายการสื่อสารสนเทศ

ลำดับที่ ประเภท เลขเรียก/บาร์โค้ด สถานที่ สถานะ
- ไม่พบข้อมูล -

รายการใกล้เคียง
    ชื่อเรื่อง [การพยาบาลและเวชปฏิบัติ]

    ผู้แต่ง [สมบูรณ์ บุญยเกียรติ]

    หัวเรื่อง [การประเมิณภาวะสุขภาพ]

BibComment


ยังไม่เคยถูกคอมเมนท์

คอมเมนท์ทรัพยากรรายการนี้
  คอมเมนท์: การพยาบาลและเวชป..


 Copyright 2026. Bcnsprnw @Library